The Beatles A-Z - Statistics

General Stats
  • This quiz has been taken 1,189 times
  • The average score is 18 of 26
Answer Stats
Hint Answer % Correct
A Name of the street they crossed for their 1969 album Abbey Road
99%
J Hey... Jude
90%
L Birthplace of John, Paul, George and Ringo Liverpool
89%
I Country where the Beatles took a spiritual trip in 1968 India
87%
B Managed The Beatles from 1962 until his death in 1967 Brian Epstein
83%
D Song about actress Mia Farrow's sister, Prudence Farrow Dear Prudence
81%
O Song composed by Ringo about a cephalopod's backyard Octopus's Garden
78%
F Nickname given to The Beatles during Beatlemania The Fab Four
78%
E You can visit the grave of this rice picker in St Peter's Church Eleanor Rigby
77%
U I'm back in the ____ / You don't know how lucky you are, boy U.S.S.R
76%
Y Colour of the submarine Yellow
76%
H Hidden track at the end of Abbey Road, dedicated to Queen Elizabeth Her Majesty
74%
K For the benefit of this Mister Kite
73%
R She is a lovely meter maid Rita
72%
S Instrument Ravi Shankar taught to George Sitar
72%
W Band formed by Paul after the separation of The Beatles Wings
72%
G British record producer, often referred to as the "Fifth Beatle" George Martin
71%
N "The last Beatles song" released in 2023 Now and Then
71%
Q Skiffle group to which John, Paul and George belonged between 1956 and 1958 The Quarrymen
67%
T Song that makes you want to contort and scream Twist and Shout
66%
C American criminal who "felt guided" by the White Album to commit his crimes Charles Manson
62%
M Fist line of the song Michelle, sung in French "Michelle, ma belle"
56%
V In 2008, this country officially forgave John for his 1966 claim that The Beatleswere more popular than Jesus (probably agreed that he was right...) Vatican
42%
P Director and producer of documentary series The Beatles: Get Back in 2021 Peter Jackson
39%
Z Artist name Frank who parodied the Sgt Pepper cover forhis album We're Only in It for the Money Zappa
38%
X The Beatles are often considered the most influential band of the ___ century XXth
16%
No matching quizzes found
Score Distribution
Percent of People with Each Score
Percentile by Number Answered
Your Score History
You have not taken this quiz